[Event "Lima Santisimo Nombre de Jesus 2"]
[Site "Lima"]
[Date "2012.05.12"]
[Round "2"]
[White "Cruz Pereyra, Andresantoni"]
[Black "Vasquez, Cesar"]
[Result "1-0"]
[WhiteElo "1902"]
[BlackElo "1647"]
[PlyCount "111"]
[EventDate "2012.05.12"]
[EventType "swiss"]
[EventRounds "8"]
[EventCountry "PER"]
[SourceTitle "EXT 2024"]
[Source "ChessBase"]
[SourceDate "2023.10.10"]
[SourceVersion "1"]
[SourceVersionDate "2023.10.10"]
[SourceQuality "1"]

1. c4 e5 2. g3 Nf6 3. Bg2 Nc6 4. Nc3 Bc5 5. d3 d6 6. a3 a6 7. Nf3 Bg4 8. 0-0 h6 9. Rb1 0-0 10. b4 Ba7 11. Nd2 Rb8 12. b5 axb5 13. Nxb5 Bb6 14. Bb2 Qd7 15. Ba1 Rfe8 16. Nc3 Nd4 17. Nb3 c6 18. Re1 Ra8 19. Nxd4 Bxd4 20. Qb3 Ra7 21. Na4 Bxa1 22. Rxa1 Bh3 23. Bh1 Qf5 24. Nc3 Rea8 25. Nd1 Nd7 26. e4 Qe6 27. Ne3 Nc5 28. Qc3 Qd7 29. f4 exf4 30. gxf4 Qe7 31. Re2 Qh4 32. Bg2 Ne6 33. Bxh3 Qxh3 34. Nf5 g6 35. Rg2 Kh7 36. Qf6 b6 37. Rg3 Qh5 38. Nxd6 Qc5+ 39. Kh1 Qxd6 40. f5 gxf5 41. exf5 Qd4 42. Rg7+ Nxg7 43. Qxd4 Rxa3 44. Rg1 Nxf5 45. Qe4 R8a5 46. Qe8 Ng7 47. Qxf7 Rg5 48. Rxg5 hxg5 49. Qe7 Ra1+ 50. Kg2 Kg6 51. Qd6+ Kh5 52. Qxc6 Ra2+ 53. Kf1 Ra1+ 54. Ke2 Ra2+ 55. Kd1 Rxh2 56. Qf6 1-0